| 000 | 00464pam a2200169 i 4500 | ||
|---|---|---|---|
| 020 | _a0471276847 : | ||
| 020 | _a0471276839 (pbk.) : | ||
| 040 | _cDLC | ||
| 082 | 0 | 0 | _a664 WIL 1980 A049 Or. |
| 100 | 1 | _aTaylor, Reginald James. | |
| 245 | 1 | 0 | _aFood additives / |
| 260 |
_aChichester ; _aNew York : _bJ. Wiley, _cc1980. |
||
| 300 |
_axv, 126 p. ; _c23 cm. |
||
| 490 | 1 | _aThe Institution of Environmental Sciences series | |
| 650 | 0 | _aFood additives. | |
| 942 | _cEK | ||
| 999 |
_c13945 _d13945 |
||